000 00753nam a2200253Ia 4500
003 OSt
005 20220923222551.0
006 a|||||r|||| 00| 0
007 ta
008 220922b |||||||| |||| 00| 0 hin d
024 _a206,046
037 _cTextual
040 _aARTS
_cARTS
_bhin
041 _2hin
_ahin
082 _aP,7, 152L7
100 _aतिवारी, भोलानाथ
_9156271
245 0 _aशैलीविज्ञान
246 _aShailīvijnyāna
260 _aदिल्ली
_b शब्दकार
_c1977
300 _a200पृ.
_ccm.
650 _aहिन्दी भाषा
942 _hP,7, 152L7
_cTEXL
_2CC
999 _c356725
_d356725